01407nam a2200241Ia 4500001000900000003001000009008004100019040002500060041001300085100001200098245007700110250001100187260006700198300001200265500026000277501011400537520026000651650004300911942000700954957000600961999004000967952015801007L103-597IT-CnALBA170116s9999||||xx |||||||||||||| ||und|| aIT-CnALBAcIT-CnALBA aITALIANO aAA. VV. 0aGRANDE ANTOLOGIA FILOSOFICA. VOL. XX. IL PENSIERO MODERNO. (SECOLO XIX)  a1a ed. a MILANO - COMObMARZORATI CARLO EDITORE c1971 [1° Ed.: n.d.] a820 p.  aDIREZIONE SCIACCA M. FEDERICO. COORDINATORE SCHIAVONE M. FILOSOFI E CORRENTI FILOSOFICHE SONO CORREDATI DA INTRODUZIONE E TESTI ESEMPLARI. BALMES JAIME. CORTESDONOSO. GALLUPPI PASQUALE. GIOBERTI VINCENZO. MAZZINI GIUSEPPE. MANZONI ALESSANDRO. ROSMINI ANTO aSocietà San Paolo EM - Piazza San Paolo, 14 - 12051 ALBA (CN) (non commercial uses only) ® Copyright 2017 aDIREZIONE SCIACCA M. FEDERICO. COORDINATORE SCHIAVONE M. FILOSOFI E CORRENTI FILOSOFICHE SONO CORREDATI DA INTRODUZIONE E TESTI ESEMPLARI. BALMES JAIME. CORTESDONOSO. GALLUPPI PASQUALE. GIOBERTI VINCENZO. MAZZINI GIUSEPPE. MANZONI ALESSANDRO. ROSMINI ANTO aDIZIONARI ED ENCICLOPEDIE DI FILOSOFIA cBK 71 a696bNOg Copie: 1 c259833d259833 0010406L_10359771aALBAbALBAd2017-01-16l0oL103-597r2017-01-16 00:00:00w2017-01-16yBKz(data import: 16 gennaio 2017) - By Epidotti, Vaglietti.